| 000 | 00532nam a2200157 4500 | ||
|---|---|---|---|
| 999 |
_c2914 _d2914 |
||
| 020 | _a9780072866582 | ||
| 050 |
_aHD58 _b.7.K66 |
||
| 100 | _a Robert Kreitner; Angelo Kinicki | ||
| 245 | _aOrganizational behavior | ||
| 250 | _a6th ed. | ||
| 260 |
_aBoston : _b McGraw Hill/Irwin, _c2004. |
||
| 300 |
_axxix, 126 p. _bill, _c26 cm. |
||
| 500 | _aIncludes index. | ||
| 505 | _aThe world of organizational behavior. -- Individual behavior in organizations. -- Group and social processes. -- Organizational processes. | ||
| 942 | _cBK | ||